00298nam a2200109Ia 4500008004000000082001300040100001800053245006100071260003800132300000700170650001100177210210b1985 xxu||||| |||| 00| 0 eng d a344 MATL aMATHEW (P D). aLegal education series No.2: on your rights if arrested. aNDbIndian social institutec1985 a18 aArrest